LEADER 00949nam0-2200289 --450 001 9910479350703321 005 20210623131600.0 010 $a978-88-351-0700-2 100 $a20210623d2020----kmuy0itay5050 ba 101 0 $aita$cita 102 $aIT 105 $aa 001yy 200 1 $aAcquisire nuovi clienti con Linkedln$etrasformare contatti virtuali in fatturati reali$fGianluca Gambirasio, Luigi Castelletti 210 $aMilano$cFrancoAngeli$d2020 215 $a157 p.$cill.$d23 cm 320 $aContiene bibl. (pp. 145-146) 610 0 $aMarketing$aImpiego [di] Linkedin 676 $a658.8002854678$v23$zita 700 1$aGambirasio,$bGianluca$0804952 701 1$aCastelletti,$bLuigi$c$0804953 801 0$aIT$bUNINA$gREICAT$2UNIMARC 901 $aBK 912 $a9910479350703321 952 $aVI I 241$b1499/2021$fFSPBC 959 $aFSPBC 996 $aAcquisire nuovi clienti con Linkedln$91807308 997 $aUNINA